Náhrada zváraného dielca z profilov hutného materiálu tenkostennými tvárnenými profilmi : Diplomová práca

Gespeichert in:
Bibliographische Detailangaben
1. Verfasser: Maček, Štefan (Verfasst von)
Weitere Verfasser: Kováčik, Milan, 1942- (xxx)
Format: Manuskript Buch
Sprache:Slowakisch
Veröffentlicht: Trnava : SVŠT v Bratislave StF KZZS, 1991
Schlagworte:
Tags: Tag hinzufügen
Keine Tags, Fügen Sie das erste Tag hinzu!

MARC

LEADER 00000ntm a22000003a 4500
001 stu118491
005 20160719162745.7
008 060524s1991----cs------------------slo-d
040 |a STU  |b slo 
041 0 |a slo 
044 |a cs 
100 1 |a Maček, Štefan  |4 aut 
245 1 |a Náhrada zváraného dielca z profilov hutného materiálu tenkostennými tvárnenými profilmi :  |b Diplomová práca 
260 |a Trnava :  |b SVŠT v Bratislave StF KZZS,  |c 1991 
300 |a 51 s  |c príl 
650 7 |a strojárska technológia  |2 stusub 
650 7 |a zváranie  |2 stusub 
700 1 |a Kováčik, Milan,  |d 1942-  |4 xxx  |u M370  |T MTF Detašované pracovisko v Brezne  |X 1549  |U M370  |Y M370  |7 A000001549 
996 |b 284M073087  |c M*DP-3133  |l MMSKP  |s P  |a 0  |w stu118491_0001